[Event "FIDE World Cup"]
[Site "Khanty-Mansiysk"]
[Date "2007.12.10"]
[Round "6.2"]
[White "Kamsky, Gata"]
[Black "Carlsen, Magnus"]
[Result "1-0"]
[WhiteElo "2714"]
[BlackElo "2714"]
[Annotator "ChessBase"]
[PlyCount "85"]
[EventDate "2007.11.24"]
[EventType "k.o."]
[EventRounds "7"]
[EventCountry "RUS"]
[SourceTitle "CBM 122"]
[Source "ChessBase"]
[SourceDate "2008.01.30"]
[SourceVersion "1"]
[SourceVersionDate "2008.01.30"]
[SourceQuality "1"]

1. e4 {Ftacnik,Lubomir} e5 2. Nf3 Nf6 3. d4 Nxe4 4. Bd3 d5 5. dxe5 Be7 6. O-O Bg4 7. h3 ({RR} 7. Bxe4 dxe4 8. Qxd8+ Bxd8 9. Nd4 ({RR} 9. h3 Bd7 10. Ng5 Nc6 11. Nxe4 Nxe5) 9... O-O 10. Nc3 Nd7 ({RR} 10... f6 11. Bf4 ({RR} 11. e6 c5 12. Ndb5 Bxe6) 11... fxe5 12. Bxe5 Nd7 13. Bg3 Nc5) 11. h3 Bh5 ({RR} 11... c5 12. Ndb5 ({RR} 12. hxg4 cxd4 13. Rd1 Nxe5 14. Rxd4 Nxg4 15. Rxe4) 12... Be6 13. Bf4 a6 14. Nd6) 12. e6 fxe6 ({RR} 12... Nc5 13. exf7+ Bxf7 14. Nb3 Nxb3 15. axb3 Bg6 16. Be3 a6) 13. Nxe6 Re8 14. Nxd8 Raxd8 15. Bg5 Nf6 16. Rfe1 Bg6 ({RR} 16... Rd4 17. g4 Bf7 18. Rad1) 17. Rad1 Kf8 ({RR} 17... Rxd1 18. Rxd1 Kf7 19. Bxf6 gxf6 20. Nb5 Rc8 21. Rd7+ Ke6 22. Rxc7 Rxc7 23. Nxc7+ Ke5 24. Kf1) ({RR} 17... e3 18. Bxf6 gxf6 19. Rxe3 Rxd1+ 20. Nxd1 Rd8 21. Nc3 Rd2 22. Re7) ({RR} 17... Kf7 18. Rxd8 Rxd8 19. Bxf6 gxf6 ({RR} 19... Kxf6 20. Nxe4+ Bxe4 21. Rxe4 Rd1+ 22. Kh2 Rd2 23. Rc4) 20. Nxe4) 18. Bxf6 gxf6 19. Nd5 e3 ({RR} 19... Rd6 20. Nxc7 Rxd1 21. Rxd1 Rc8 22. Ne6+ Kf7 23. Nd4) 20. Nxe3 c5 21. Kf1 Rd4 {Shirov,A (2699)-Adams,M (2734) Elista 2007 CBM 119 [Ftacnik,Lubomir] 1-0 (49)} {RR} 22. g4 Red8 23. Ke2) 7... Bh5 8. Re1 ({RR} 8. Nc3 Nxc3 9. bxc3 Na6 10. g4 Bg6 11. Nd4 Nc5 12. f4 Be4 13. Rb1 h5 14. f5 Bg5 15. Bxe4 Bxc1 16. Bg2 Be3+ 17. Kh1 hxg4 18. Qxg4 Qh4 19. Qe2 Bxd4 20. cxd4 Qxd4 21. Rfd1 Qc3 22. Rxd5 c6 {Seo,J (2442)-Nikcevic,N (2344) Prishtina KOS 2024 ½-½ (37)}) 8... Nc6 9. Nc3 $146 (9. Bf4 g5 10. Bh2 g4 11. hxg4 Bxg4 12. Nc3 Nxf2 13. Kxf2 Bc5+ 14. Kf1 Nd4 15. Be2 Nxf3 16. Bxf3 Qh4 17. Qe2 Qxh2 18. Qb5+ c6 19. Qxc5 Bxf3 20. gxf3 Rg8 21. Qf2 Qh3+ {0-1 Schmider,B-Kresovic,V/Germany 1992}) ({RR} 9. Bf4 g5 10. Bh2 g4 11. hxg4 Bxg4 12. Nc3 Nxf2 13. Kxf2 Bc5+ 14. Kf1 Nd4 15. Be2 Nxf3 16. Bxf3 Qh4 17. Qe2 Qxh2 18. Qb5+ c6 19. Qxc5 Bxf3 20. gxf3 Rg8 21. Qf2 Qh3+ {0-1 (21) Schmider,B-Kresovic,V Germany 1993}) 9... Bg6 10. Bd2 Nxd2 11. Qxd2 d4 12. Ne4 O-O 13. a3 Qd5 14. Qf4 Rfe8 15. Re2 Bf8 16. Ng3 Bxd3 17. cxd3 Re6 18. Nh5 $1 Rae8 19. Rae1 a5 {Black is ignoring the threats on the kingside, but perhaps there was really nothing better he could do.} 20. Qg4 Rg6 21. Nf4 Rxg4 22. Nxd5 Rg6 23. g4 {Carlsen is in time trouble, Kamsky is playing difficult moves - here threatening to trap the black rook.} ({After} 23. Nxc7 {White gets two pawns and probably a winning position.} Rc8 (23... Re7 24. Nb5 Rd7 25. Re4 Rd5 26. Nbxd4 Nxd4 27. Nxd4 Bc5 28. Ne2) 24. Nb5 Rd8 25. Re4 Bc5 26. Rc1 Bb6 27. Rc4 Re6 28. Nfxd4 Nxd4 29. Nxd4 {and White is two pawns up.}) 23... Rd8 $6 {Carlsen decides to give the exchange and try to set up a fortress.} 24. Nf4 Rh6 25. g5 Re6 26. Nxe6 fxe6 27. Rc1 Rd5 28. Rc4 Bc5 29. h4 Bb6 30. Kg2 Ne7 31. h5 Rd8 32. Re4 Nf5 33. Nh4 Ne7 34. Kg3 g6 35. Kg4 Rd5 36. hxg6 hxg6 37. a4 Kf7 38. Rc1 Rd8 39. Rh1 Kg7 40. Ng2 Nf5 41. Nf4 Re8 42. Ree1 c5 43. Rh3 1-0

[Event "Corus"]
[Site "Wijk aan Zee"]
[Date "2008.01.12"]
[Round "1"]
[White "Mamedyarov, Shakhriyar"]
[Black "Carlsen, Magnus"]
[Result "0-1"]
[WhiteElo "2760"]
[BlackElo "2733"]
[PlyCount "80"]
[EventDate "2008.01.12"]
[EventType "tourn"]
[EventRounds "13"]
[EventCountry "NED"]
[EventCategory "20"]
[SourceTitle "CBM 122"]
[Source "ChessBase"]
[SourceDate "2008.01.30"]
[SourceVersion "1"]
[SourceVersionDate "2008.01.30"]
[SourceQuality "1"]

1. e4 c5 2. Nf3 Nc6 3. Nc3 g6 4. g3 Bg7 5. Bg2 d6 6. O-O Bg4 7. h3 Bxf3 8. Qxf3 Nf6 9. d3 O-O 10. Qd1 Nd7 11. f4 $146 ({RR} 11. Bg5 Rb8 12. a4 c4 13. Be3 cxd3 14. cxd3 Bd4 15. Bh6 Bg7 16. Be3 Bd4 17. Bh6 Bg7 {½-½ (17) Galego,L (2529)-Vavrak,P (2472) Reykjavik 2008}) 11... c4 12. dxc4 Na5 13. Nd5 Nxc4 14. c3 Ndb6 15. Qe2 Rc8 16. Kh2 e6 17. Nb4 Na4 18. f5 Re8 19. fxe6 fxe6 20. Nd3 Qb6 21. h4 Qa6 22. Rf2 Ne5 23. Nf4 Nc5 24. Qxa6 bxa6 25. Re2 h6 26. Kh1 a5 27. Be3 a4 28. Rd1 Rc6 29. Bd4 g5 30. Nh3 g4 31. Nf4 Rb6 32. Nh5 Bh8 33. Red2 Reb8 34. Bxc5 dxc5 35. Rd8+ Kf7 36. Rxb8 Rxb8 37. Rd2 Nc4 38. Rd7+ Ke8 39. Rxa7 Be5 40. Rxa4 Ne3 0-1

[Event "Corus"]
[Site "Wijk aan Zee"]
[Date "2008.01.14"]
[Round "3"]
[White "Adams, Michael"]
[Black "Carlsen, Magnus"]
[Result "1/2-1/2"]
[WhiteElo "2726"]
[BlackElo "2733"]
[Annotator "Marin,Mihail"]
[PlyCount "75"]
[EventDate "2008.01.12"]
[EventType "tourn"]
[EventRounds "13"]
[EventCountry "NED"]
[EventCategory "20"]
[SourceTitle "CBM 122"]
[Source "ChessBase"]
[SourceDate "2008.01.30"]
[SourceVersion "1"]
[SourceVersionDate "2008.01.30"]
[SourceQuality "1"]

1. e4 e5 2. Nf3 Nc6 3. Bb5 a6 4. Ba4 Nf6 5. O-O Nxe4 6. d4 b5 7. Bb3 d5 8. dxe5 Be6 9. Nbd2 Be7 10. c3 O-O 11. Bc2 f5 {This variation has been known since the times of Dr. Tarrasch and has become fashionable in several different periods of chess history. Some years ago, Korchnoi brought it into the limelight again by employing it twice against Shirov.} 12. Nd4 ({Now, just as 100 years ago, the critical line is considered to be} 12. Nb3 Qd7 13. Nbd4 Nxd4 14. Nxd4 c5 15. Nxe6 Qxe6 16. f3 Ng5 17. a4 {More about it, in my opening database from the CD corresponding to CBM 115.}) 12... Nxd4 {Actually, I do not understand why this move is almost unanimously played here.} ({I would answer with} 12... Qd7 {when I do not see anything better for White than} 13. Nxc6 (13. f3 Nxd4 14. cxd4 Nxd2 15. Bxd2 c5 16. dxc5 Bxc5+ 17. Kh1 Bd4 $15) (13. Nxe6 Qxe6 $15 {[%csl Ge5]}) 13... Qxc6 {, with a transposition to the main line with, say,} 14. Nb3 Qd7 15. Nd4 c5 16. Nxe6 Qxe6) 13. cxd4 c5 (13... Qd7 $5 {Bologan,V (2682)-Sokolov,I (2696)/Stepanakert 2005/CBM 110/[Erenburg] (½-½, 35)}) 14. dxc5 Bxc5 (14... Nxd2 {Spraggett,K-Mikhalevski,V/Kapuskasing 2004/CBM 101 ext/[Mikhalevski,V] (1-0, 30)}) 15. Nb3 Bb6 (15... Ba7 {should not have independent value.} 16. Be3 $6 ({Better is} 16. Nd4 {, when Black cannot take advantage of the availability of the b6-square with} Qb6 $6 {because of} 17. Be3 f4 18. Nxe6 Qxe6 19. Bxa7 Rxa7 20. Bb3 Rd7 21. Qd4 $16 {when Black is hanging. Instead, 16...xd4 would transpose to our main game.}) 16... Bxe3 17. fxe3 Qc7 18. Bxe4 dxe4 19. Qd6 Qxd6 20. exd6 Rfd8 {½-½ Lein,A-Lutikov,A/Kiev 1964/URS-ch}) 16. Nd4 {There are not too many relevant games available from this position.} Bxd4 $146 {Black gives up the pair of bishops for the sake of rapid development. However, after this exchange, the weakness of the dark squares will tend to have a permanent character, which makes Carlsen's novelty quite risky from the strategic point of view.} ({Almost two decades ago, Adams faced the incorrect sacrifice} 16... Nxf2 $2 17. Rxf2 Qh4 18. Rf4 Qe7 19. Kh1 g5 20. Rf1 Rac8 21. Bxf5 {1-0 Adams,M (2495)-Demarre,J (2190)/Paris 1989/TD}) (16... Qd7 17. Be3 $14) ({RR} 16... Nxf2 17. Rxf2 Qh4 18. Rf4 Qe7 19. Kh1 g5 20. Rf1 Rac8 21. Bxf5 {1-0 (21) Adams,M (2495)-Demarre,J (2190) Paris 1989}) ({RR} 16... Qd7 17. f4 Rac8 18. Be3 Kh8 19. Rf3 g5 20. g3 g4 21. Rf1 h5 22. Bb3 a5 23. Kg2 Bxd4 24. Bxd4 a4 25. Bc2 Kh7 26. Bd3 b4 27. a3 b3 28. Rc1 Rxc1 29. Qxc1 Rc8 30. Qb1 Qc6 31. Rd1 {Collange,P-Demarre,J (2290) Paris 1993 1-0 (61)}) 17. Qxd4 Rc8 18. Bb3 (18. Bd1 Rc4 $132) 18... Nc5 19. Bd2 $6 {Black should have preserved his bishop from exchange at any cost.} (19. Bd1 $1 Bf7 (19... Ne4 20. Be2 $14 {[%csl Gc4]}) 20. b3 Re8 21. Ba3 Ne6 22. Qd2 $14 {The knight is well placed on e6, but the bishop has problems becoming active. If a wizard could transfer it to b7, Black's position would be absolutely fine, but here he is struggling still.}) 19... Nxb3 20. axb3 Rc6 {With opposite-coloured bishops on the board, White's superiority is of a symbolic nature.} 21. Bb4 Re8 22. Bc5 f4 23. f3 Qg5 24. Rf2 Bf7 25. Bd6 Rec8 26. Re1 Be6 27. Bb4 Rc1 28. Rxc1 Rxc1+ 29. Rf1 Rxf1+ 30. Kxf1 Qf5 31. h4 Qb1+ 32. Be1 h5 33. b4 Qc1 34. Kf2 Qc4 35. Bc3 Qxd4+ 36. Bxd4 Kf7 37. Ke2 Bf5 38. Kf2 1/2-1/2

[Event "Corus"]
[Site "Wijk aan Zee"]
[Date "2008.01.15"]
[Round "4"]
[White "Carlsen, Magnus"]
[Black "Aronian, Levon"]
[Result "1/2-1/2"]
[WhiteElo "2733"]
[BlackElo "2739"]
[PlyCount "71"]
[EventDate "2008.01.12"]
[EventType "tourn"]
[EventRounds "13"]
[EventCountry "NED"]
[EventCategory "20"]
[SourceTitle "CBM 122"]
[Source "ChessBase"]
[SourceDate "2008.01.30"]
[SourceVersion "1"]
[SourceVersionDate "2008.01.30"]
[SourceQuality "1"]

1. e4 e5 2. Nf3 Nc6 3. Bb5 a6 4. Ba4 Nf6 5. O-O Be7 6. d3 b5 7. Bb3 d6 8. a4 b4 9. Nbd2 Na5 10. Ba2 O-O 11. c3 ({RR} 11. Nc4 Nxc4 12. Bxc4 a5 13. c3 Ba6 14. Bxa6 Rxa6 15. Re1 Qa8 16. Bg5 h6 17. Bh4 Rb8 18. c4 c5 19. Nd2 Ra7 20. Bxf6 Bxf6 21. Nf1 Bg5 22. g3 g6 23. h4 Bf6 24. Ne3 Bg7 25. h5 Rf8 {Rasulov,V (2525)-Rohith,K (2380) chess.com INT 2022 1-0 (32)}) 11... c5 12. cxb4 cxb4 13. Nc4 Rb8 $146 ({RR} 13... b3 14. Bxb3 Nxb3 15. Qxb3 Be6 16. Ng5 Bxc4 17. Qxc4 Nd7 18. Nf3 Qb8 19. b4 Rc8 20. Qb3 Nc5 21. Qa3 Ne6 22. Bd2 Qa7 23. Rfc1 g5 24. Rxc8+ Rxc8 25. Rc1 Rxc1+ 26. Qxc1 g4 27. Qc8+ Kg7 28. Be3 {Volokitin,A (2628)-Masrahi,A (1962) Riadh 2017 1-0 (41)}) 14. Re1 Nc6 15. Ne3 Be6 16. Bxe6 fxe6 17. Nc4 Nd7 18. Ncd2 Nc5 19. Nb3 Nxb3 20. Qxb3 Rxf3 21. gxf3 Nd4 22. Qd1 Qf8 23. Kg2 Qf6 24. Be3 Rf8 25. Bxd4 exd4 26. e5 Qg5+ 27. Kh1 d5 28. Rc1 Qf5 29. Rc7 Bg5 30. Rg1 g6 31. f4 Qxf4 32. Qg4 Qxe5 33. Ra7 Rf5 34. a5 Bh6 35. Qg3 Qe2 36. Qc7 1/2-1/2

[Event "Corus"]
[Site "Wijk aan Zee"]
[Date "2008.01.17"]
[Round "5"]
[White "Ivanchuk, Vassily"]
[Black "Carlsen, Magnus"]
[Result "1/2-1/2"]
[WhiteElo "2751"]
[BlackElo "2733"]
[PlyCount "39"]
[EventDate "2008.01.12"]
[EventType "tourn"]
[EventRounds "13"]
[EventCountry "NED"]
[EventCategory "20"]
[SourceTitle "CBM 122"]
[Source "ChessBase"]
[SourceDate "2008.01.30"]
[SourceVersion "1"]
[SourceVersionDate "2008.01.30"]
[SourceQuality "1"]

1. e4 e5 2. Nf3 Nc6 3. Bb5 a6 4. Bxc6 dxc6 5. O-O Bd6 6. d4 exd4 7. Qxd4 f6 8. b3 Ne7 9. Ba3 ({RR} 9. Nbd2 Be6 10. Nc4 Bb4 11. Nb6 Qxd4 12. Nxd4 cxb6 13. Nxe6 Kf7 14. Nf4 Rad8 15. Nd3 Bc3 16. Rb1 Rhe8 17. Bf4 Rd7 18. f3 c5 19. Rfd1 Nc6 20. Bd2 Bxd2 21. Rxd2 Red8 22. Rf2 g5 23. Re1 Ne5 {Shevchenko,K (2651)-Dubov,D (2710) Samarkand UZB 2023 ½-½ (34)}) 9... Bg4 ({RR} 9... Bxa3 10. Qxd8+ Kxd8 11. Nxa3 Ng6 12. Nc4 Be6 13. Rad1+ Kc8 14. Ne3 c5 15. Nf5 Bxf5 16. exf5 Ne7 17. g4 Rd8 18. Rfe1 Rxd1 19. Rxd1 c6 20. Nd2 Kc7 21. Ne4 b6 22. c4 Re8 23. f3 h5 24. h3 {Teterev,V (2248)-Kosakowski,J (2549) chess.com INT 2025 0-1 (70)}) 10. Bxd6 Bxf3 $146 ({RR} 10... Qxd6 11. Qxd6 cxd6 12. Nbd2 {½-½ (12) Segal,A-Westerinen,H (2470) Dortmund 1980}) 11. Bc5 Qxd4 12. Bxd4 Rd8 13. Bc5 Bxe4 14. Re1 Rd7 15. Nc3 Bd5 16. Rad1 Kd8 17. Bxe7+ Rxe7 18. Rxe7 Kxe7 19. Nxd5+ cxd5 20. Rxd5 1/2-1/2

[Event "Corus"]
[Site "Wijk aan Zee"]
[Date "2008.01.19"]
[Round "7"]
[White "Topalov, Veselin"]
[Black "Carlsen, Magnus"]
[Result "1/2-1/2"]
[WhiteElo "2780"]
[BlackElo "2733"]
[PlyCount "111"]
[EventDate "2008.01.12"]
[EventType "tourn"]
[EventRounds "13"]
[EventCountry "NED"]
[EventCategory "20"]
[SourceTitle "CBM 122"]
[Source "ChessBase"]
[SourceDate "2008.01.30"]
[SourceVersion "1"]
[SourceVersionDate "2008.01.30"]
[SourceQuality "1"]

1. e4 {Marchand,A/Primel,D} e5 2. Nf3 Nc6 3. Bb5 a6 4. Ba4 Nf6 5. O-O Be7 6. Re1 b5 7. Bb3 O-O 8. h3 ({RR} 8. c3 d5 9. exd5 Nxd5 10. Nxe5 Nxe5 11. Rxe5 c6 12. d4 ({RR} 12. g3 Bd6 ({RR} 12... Nf6 13. d4 Bd6 14. Re1 Bg4 15. Qd3 ({RR} 15. f3)))) 8... Bb7 9. d3 d6 ({RR} 9... d5 10. exd5 Nxd5 11. Nxe5 Nd4 12. Nc3 ({RR} 12. Bd2) 12... Nxb3 13. axb3 Nb4 14. Bf4 Qd4 15. Bg3 Bd6 16. Ne2 Qc5 ({RR} 16... Qxb2)) 10. a3 Na5 11. Ba2 c5 12. Nc3 Nc6 13. Bd2 Nd4 14. Nxd4 cxd4 15. Ne2 d5 16. Ng3 dxe4 17. dxe4 Bc8 $146 ({RR} 17... g6 18. c3 Bc5 19. Qf3 Ne8 ({RR} 19... dxc3 20. Bxc3 Qe7 21. Rad1) 20. Rad1 ({RR} 20. Bh6 Ng7) 20... Qf6 ({RR} 20... Rc8) 21. cxd4 Qxf3 22. gxf3 exd4 ({RR} 22... Bxd4 23. Bb4) 23. Bb4 Bxb4 24. axb4 Rd8 25. Ne2 Ng7 26. Nxd4 Nh5 27. h4 Nf4 28. Nb3 Bc8 ({RR} 28... Nd3 29. Rxd3 Rxd3 30. Nc5) 29. Nc5 Kg7 30. Bd5 Rfe8 31. Bc6 Rg8 32. Kh2 {Cheparinov,I (2664)-Beliavsky,A (2619) Aix les Bains 2011 CBM 142 Extra [Marchand,A/Primel,D] ½-½ (64)} {RR} h6) ({RR} 17... Re8 18. Qf3 Bc8 19. c3 Be6 20. Bxe6 fxe6 21. cxd4 Qxd4 22. Bc3 Qc5 23. Nf1 Rac8 24. Qg3 Bd6 25. Rad1 Qc7 26. Nh2 Rcd8 27. Nf3 Nd7 28. Ba5 Qxa5 29. Rxd6 Nf8 30. Rxd8 Rxd8 31. Qxe5 Qb6 32. Rc1 {Mamedov,N (2575)-Kaplan,S (2436) Kavala 2011 1-0 (56)}) 18. c3 Bc5 19. Qf3 Be6 20. Nf5 Rc8 21. Red1 Re8 22. cxd4 Bxd4 23. Be3 Bxf5 24. Qxf5 g6 25. Qf3 Qb6 26. Rd2 Kg7 27. Bxd4 exd4 28. Re1 Qd6 29. g3 Re7 30. Qd3 Rce8 31. Qxd4 Qxd4 32. Rxd4 Nxe4 33. Kg2 f5 34. Rc1 Nf6 35. Rd6 Re2 36. Rc7+ R8e7 37. Rxe7+ Rxe7 38. Be6 Ne4 39. Rc6 a5 40. h4 Nd2 41. b3 a4 42. bxa4 bxa4 43. Rb6 Ne4 44. f3 Nc5 45. Bc4 Re3 46. Rc6 Nd3 47. Rc7+ Kh8 48. f4 Nb2 49. Bf7 Rxa3 50. h5 gxh5 51. Kh3 Nd3 52. Kh4 Nf2 53. Be6 Ne4 54. Bxf5 Nxg3 55. Bxh7 Re3 56. Kg5 1/2-1/2

[Event "Corus"]
[Site "Wijk aan Zee"]
[Date "2008.01.22"]
[Round "9"]
[White "Leko, Peter"]
[Black "Carlsen, Magnus"]
[Result "1-0"]
[WhiteElo "2753"]
[BlackElo "2733"]
[PlyCount "80"]
[EventDate "2008.01.12"]
[EventType "tourn"]
[EventRounds "13"]
[EventCountry "NED"]
[EventCategory "20"]
[SourceTitle "CBM 122"]
[Source "ChessBase"]
[SourceDate "2008.01.30"]
[SourceVersion "1"]
[SourceVersionDate "2008.01.30"]
[SourceQuality "1"]

1. e4 e5 2. Nf3 Nc6 3. Bb5 a6 4. Ba4 Nf6 5. O-O Be7 6. Re1 b5 7. Bb3 O-O 8. c3 d6 9. h3 Nb8 10. d4 Nbd7 11. Nbd2 Bb7 12. Bc2 Re8 13. Nf1 Bf8 14. Ng3 g6 15. b3 a5 16. Bd2 ({RR} 16. a3 c6 17. Bg5 h6 18. Be3 exd4 19. cxd4 c5 20. Qd2 Kh7 21. Rad1 Rc8 22. d5 Bg7 23. Qe2 Ba6 24. Rc1 Qb6 25. Bd3 Qb7 26. Rb1 Qc7 27. b4 axb4 28. axb4 cxb4 29. Rxb4 Nc5 30. Reb1 Nxd3 {Ivanchuk,V (2728)-Mamedyarov,S (2764) Izmir 2016 1-0 (46)}) ({RR} 16. a4 b4 17. cxb4 axb4 18. Bb2 exd4 19. Qxd4 Rb8 20. Qd2 Bg7 21. Rad1 Nc5 22. e5 Bxf3 23. gxf3 Nfd7 24. f4 Qh4 25. Qd5 Ne6 26. Bc1 Nxf4 27. Bxf4 Qxf4 28. exd6 cxd6 29. Rxe8+ Rxe8 30. Qxd6 Ne5 {Agmanov,Z (2480)-Amartuvshin,G (2429) Al Ain UAE 2025 1-0 (56)}) 16... Rb8 $146 ({RR} 16... Qb8 17. a4 bxa4 18. Rxa4 c5 19. dxe5 dxe5 20. c4 Bd6 21. Rxa5 Rxa5 22. Bxa5 Nf8 23. Nh2 Ne6 24. Nhf1 Nd4 25. Ne3 Qa8 26. Bc3 Rb8 27. Qd3 Bc8 28. b4 Rxb4 29. Bxb4 cxb4 30. Bb1 Qa7 31. Ne2 {Fernandez Cardoso,A (2438)-Perez Leiva,J (2393) Holguin CUB 2023 1-0 (52)}) ({RR} 16... Bg7 17. Bg5 {½-½ (19) Chumfwa,S (2189)-Chumfwa,K (2135) Lusaka ZAM 2024}) 17. Bd3 b4 18. Qc2 d5 19. cxb4 dxe4 20. Nxe4 Bxb4 21. Bxb4 Bxe4 22. Bxa5 Bxd3 23. Qxd3 e4 24. Qc4 exf3 25. Bxc7 Qc8 26. Bxb8 Qxb8 27. Rxe8+ Qxe8 28. a4 fxg2 29. a5 Qe4 30. a6 Nb6 31. a7 Kg7 32. Qc7 Qxd4 33. Re1 Qb4 34. Re7 Qxb3 35. Kxg2 Qd5+ 36. Kg1 Qd1+ 37. Kg2 Qd5+ 38. Kg1 Qd1+ 39. Kh2 Qf3 40. Qxb6 Qf4+ 1-0